| 000 | 00592cam a2200181 4500 | ||
|---|---|---|---|
| 082 |
_a620.11 _bBOY _cL-21, P28 |
||
| 100 | 1 |
_aBoyd, James E. _940716 |
|
| 245 | 1 | 0 |
_aStrength of materials _cby James E. Boyd ; revised by Samuel B. Folk. |
| 250 | _a5th ed. | ||
| 260 |
_aNew York; _aToronto, _bMcGraw-Hill, _c1950. |
||
| 300 |
_axv, 417 p. _billus. _c24 cm. |
||
| 526 |
_a0 _b0 _c0 _d620_110000000000000_BOY |
||
| 526 |
_a0 _b0 _c0 _d620_110000000000000_BOY |
||
| 650 | 0 |
_aMCE _9379 |
|
| 650 | 0 |
_aStrength of materials. _9563 |
|
| 700 | 1 |
_aFolk, Samuel B. [from old catalog] _940717 |
|
| 942 |
_2ddc _cBK |
||
| 999 |
_c544973 _d544973 |
||